[Event "HUN-ch U10"]
[Site "Balatonlelle"]
[Date "2016.06.24"]
[Round "1"]
[White "Koller, Jozsef Denes"]
[Black "Karacsonyi, Kata"]
[Result "1/2-1/2"]
[WhiteElo "1269"]
[BlackElo "1658"]
[PlyCount "72"]
[EventDate "2016.06.24"]
[EventType "swiss"]
[EventRounds "9"]
[EventCountry "HUN"]
[SourceTitle "CBM 173 Extra"]
[Source "ChessBase"]
[SourceDate "2016.08.29"]
[SourceVersion "1"]
[SourceVersionDate "2016.08.29"]
[SourceQuality "1"]

1. e4 c5 2. Nf3 d6 3. c3 Nf6 4. Be2 Nc6 5. d3 e6 6. Be3 Be7 7. h3 0-0 8. 0-0 Nd7 9. Nbd2 f5 10. exf5 exf5 11. Bf4 Nce5 12. Nxe5 dxe5 13. Bh2 Rf6 14. Nf3 Bd6 15. Ng5 Kh8 16. Qb3 Qe7 17. Rfe1 h6 18. Nf3 e4 19. dxe4 fxe4 20. Bxd6 Qxd6 21. Nh2 Nb6 22. Rad1 Qf8 23. Ng4 Bxg4 24. Bxg4 Rxf2 25. Rxe4 Rd8 26. Bf3 Rxd1+ 27. Qxd1 Rxb2 28. Qe1 Kh7 29. Re8 Qf6 30. Be4+ g6 31. Bxg6+ Qxg6 32. Qe7+ Qg7 33. Qe4+ Qg6 34. Qxb7+ Qg7 35. Qe4+ Qg6 36. Qb7+ Qg7 1/2-1/2